000 00419pab a2200169 454500
008 180718b2014 xxu||||| |||| 00| 0 eng d
100 _aMahakul, B.K.
245 _aThe right to food as a human right: Some theoretical reflections
260 _c2014
300 _ap.22-53.
362 _aJan-Mar
650 _aFood supply
650 _aRight to food
773 _aSocial Action
908 _aN
909 _a102940
999 _c102938
_d102938